Central Library OPAC University of Rajshahi

Bowstead on agency. (Record no. 10111)

MARC details
000 -LEADER
fixed length control field 00965nam a22003132 4500
001 - CONTROL NUMBER
control field 10111
003 - CONTROL NUMBER IDENTIFIER
rucl marc code raton
005 - DATE AND TIME OF LATEST TRANSACTION
control field 20211208234908.0
008 - FIXED-LENGTH DATA ELEMENTS--GENERAL INFORMATION
fixed length control field 140123s1959 enk 001 0 eng
035 ## - SYSTEM CONTROL NUMBER
System control number OCLC ocm04715618 from D980108M
-- (BD-RjUL)10158
040 ## - CATALOGING SOURCE
Original cataloging agency DLC
Transcribing agency GZL
Modifying agency GZL
-- EQO
-- BD-RjUL
Language of cataloging eng
041 ## - LANGUAGE CODE
Language code of text/sound track or separate title eng
082 ## - DEWEY DECIMAL CLASSIFICATION NUMBER
Classification number 347.7
Author mark and year GRB
090 ## - LOCALLY ASSIGNED LC-TYPE CALL NUMBER (OCLC); LOCAL CALL NUMBER (OCLC)
Classification number (OCLC) (R) ; Classification number, CALL (RLIN) (NR) KD2020
Local cutter number (OCLC) ; Book number/undivided call number, CALL (RLIN) .B6 1959
100 1# - MAIN ENTRY--PERSONAL NAME
Personal name Bowstead, William,
Dates associated with a name -1935.
9 (RLIN) 17763
245 10 - TITLE STATEMENT
Title Bowstead on agency.
250 ## - EDITION STATEMENT
Edition statement 12th ed.
260 ## - PUBLICATION, DISTRIBUTION, ETC. (IMPRINT)
Place of publication, distribution, etc. London :
Name of publisher, distributor, etc. Sweet & Maxwell,
Date of publication, distribution, etc. 1959.
300 ## - PHYSICAL DESCRIPTION
Pagination lxxxviii, 335 p. ;
Size 26 cm.
500 ## - GENERAL NOTE
General note First published in 1896 under title: A digest of the law of agency.
General note Kept up to date by cumulative supplements.
650 #0 - SUBJECT ADDED ENTRY--TOPICAL TERM
Topical term or geographic name as entry element Agency (Law)
Geographic subdivision Great Britain.
9 (RLIN) 13742
700 1# - ADDED ENTRY--PERSONAL NAME
Personal name Griew, Edward.
830 #0 - SERIES ADDED ENTRY--UNIFORM TITLE
Volume number/sequential designation no. 7
830 #0 - SERIES ADDED ENTRY--UNIFORM TITLE
Uniform title Common law library,
942 ## - ADDED ENTRY ELEMENTS (KOHA)
Source of classification or shelving scheme Dewey Decimal Classification
Koha item type Books
Holdings
Lost status Source of classification or shelving scheme Damaged status Not for loan Collection code Permanent Location Current Location Shelving location Date acquired Source of acquisition Cost, normal purchase price Total Checkouts Full call number Date last seen Copy number Koha item type
  Dewey Decimal Classification   Not For Loan Non-fiction Central Library, University of Rajshahi Central Library, University of Rajshahi Reading Room 17/04/1964 Ziet 75.00   347.7GRB 1959 23/01/2014 C-1 Books